NCAA Institutions in Minnesota - Statistics

General Stats
  • This quiz has been taken 36 times
  • The average score is 12 of 30
Answer Stats
Conference School Team Name % Correct
Division I Big Ten Minnesota-Twin Cities Golden Gophers
100%
Division I Summit St. Thomas Tommies
84%
Division II Northern Sun Minnesota-Duluth Bulldogs
80%
Division II Northern Sun Minnesota State-Mankato Mavericks
76%
Division II Northern Sun Bemidji State Beavers
64%
Division II Northern Sun St. Cloud State Huskies
56%
Division III Minnesota St. Olaf Oles
48%
Division III Minnesota Saint John's Johnnies
44%
Division III Minnesota Hamline Pipers
36%
Division III Minnesota Saint Benedict Bennies
36%
Division II Northern Sun Southwest Minnesota State Mustangs
36%
Division III Minnesota Gustavus Adolphus Golden Gusties
32%
Division II Northern Sun Minnesota-Crookston Golden Eagles
32%
Division III Upper Midwest Minnesota-Morris Cougars
32%
Division II Northern Sun Minnesota State-Moorhead Dragons
32%
Division III Minnesota Augsburg Auggies
28%
Division III Minnesota Bethel Royals
28%
Division III Minnesota Carleton Knights
28%
Division II Northern Sun Concordia-Saint Paul Golden Bears
28%
Division III Upper Midwest Northwestern-St. Paul Eagles
28%
Division II Northern Sun Winona State Warriors
28%
Division III Minnesota Concordia-Moorhead Cobbers
24%
Division III Upper Midwest Crown Polars
24%
Division III Minnesota Macalester Scots
24%
Division III Upper Midwest Martin Luther Knights
24%
Division III Minnesota St. Scholastica Saints
24%
Division III Upper Midwest Bethany Lutheran Vikings
20%
Division III Upper Midwest North Central Rams
20%
Division III Minnesota Saint Mary's Cardinals
20%
Division III Minnesota St. Catherine Wildcats
16%
No matching quizzes found
Score Distribution
Percent of People with Each Score
Percentile by Number Answered
Your Score History
You have not taken this quiz